书目信息 |
| 书名: | General linguistics = | |
| 作者: | R.H. Robins著 ; 李延福导读. | |
| 分册号: | ||
| 分册名: | 出版地: | 北京 : |
|
| 出版社: | 外语教学与研究出版社 | |
| 出版时间: | 2000. | |
| 页数: | 48, 450 p. : | |
| 开本: | 23 cm. | |
| 丛书名: | 当代国外语言学与应用语言学文库 | |
| 中图分类号: | ||
| 科图分类号: | ||
| 其他分类号: | H0 | |
| 主题词: | ||
| 电子资源: | ||
| 000 | 01968cam a2200805 a 4500 | |
| 001 | E0732050974 | |
| 003 | CAL | |
| 005 | 20070819085638.56 | |
| 008 | 030325s2000 cc a b 001 0 eng d | |
| 020 | @a7560019331 :@cCNY41.90. | |
| 035 | @aCAL 022000929752 | |
| 040 | @aECNU@cSCT | |
| 050 | 4 | @aP121@b.R6 1989 |
| 082 | 04 | @a410@219 |
| 090 | @aH0 | |
| 093 | @aH0@24 | |
| 099 | @dH0@ex139=4 | |
| 100 | 1 | @aRobins, R. H.@q(Robert Henry) |
| 245 | 10 | @aGeneral linguistics = :@b普通语言学概论 / @cR.H. Robins著 ; 李延福导读. |
| 246 | 31 | @a普通语言学概论 |
| 250 | @a4th ed. | |
| 260 | @a北京 :@b外语教学与研究出版社,@c2000. | |
| 300 | @a48, 450 p. :@bill. ;@c23 cm. | |
| 440 | 0 | @a当代国外语言学与应用语言学文库 |
| 500 | @aOriginally published: London : Longman, 1989. | |
| 504 | @aIncludes bibliographical references and index. | |
| 650 | 0 | @aLinguistics. |
| 700 | 1 | @a李延福 |
| 920 | @a242120@z2 | |
| 920 | @a237010@z1 | |
| 920 | @a211050@z2 | |
| 920 | @a211180@z2 | |
| 920 | @a211230@z1 | |
| 920 | @a211060@z1 | |
| 920 | @a211260@z1 | |
| 920 | @a244050@z2 | |
| 920 | @a243160@z1 | |
| 920 | @a221010@z2 | |
| 920 | @a221120@z1 | |
| 920 | @a211010@z1 | |
| 920 | @a231220@z2 | |
| 920 | @a232010@z1 | |
| 920 | @a242020@z1 | |
| 920 | @a211020@z1 | |
| 920 | @a211030@z2 | |
| 920 | @a242250@z1 | |
| 920 | @a244020@z2 | |
| 920 | @a231010@z2 | |
| 920 | @a214010@z2 | |
| 920 | @a212010@z2 | |
| 920 | @a211410@z1 | |
| 920 | @a231280@z2 | |
| 920 | @a237385@z2 | |
| 920 | @a251050@z1 | |
| 920 | @a246060@z0 | |
| 920 | @a222220@z1 | |
| 920 | @a236010@z2 | |
| 920 | @a241061@z1 | |
| 920 | @a221060@z1 | |
| 920 | @a223140@z1 | |
| 920 | @a222020@z2 | |
| 920 | @a211270@z1 | |
| 920 | @a211340@z1 | |
| 920 | @a246040@z1 | |
| 920 | @a237020@z1 | |
| 920 | @a242010@z1 | |
| 920 | @a261020@z1 | |
| 920 | @a246010@z1 | |
| 920 | @a221020@z1 | |
| 998 | @aECN | |
| General linguistics = : : 普通语言学概论 / / R.H. Robins著 ; 李延福导读.-4th ed.-北京 : : 外语教学与研究出版社, , 2000. |
| 48, 450 p. : : ill. ; ; 23 cm.- (当代国外语言学与应用语言学文库) |
| Originally published: London : Longman, 1989.-Includes bibliographical references and index. |
| ISBN 7560019331 :CNY41.90. |
| ● |
| 相关链接 |
|
|
|
|
正题名:General linguistics =
索取号:H0/x139=4
 
预约/预借
| 序号 | 登录号 | 条形码 | 馆藏地/架位号 | 状态 | 备注 |
| 1 | 0016816 | 300168164 | 第二样本阅览室/ [索取号:H0/x139=4] | 在馆 | |
| 2 | 0016817 | 300168173 | 第四借阅区/ [索取号:H0/x139=4] | 在馆 | |
| 3 | 0016818 | 300168182 | 第四借阅区/ [索取号:H0/x139=4] | 在馆 | |
| 4 | 0016819 | 300168191 | 第四借阅区/ [索取号:H0/x139=4] | 在馆 | |
| 5 | 0016820 | 300168208 | 第四借阅区/ [索取号:H0/x139=4] | 在馆 |